000
00252nam a2200109Ia 4500
008
190216s9999||||xx |||||||||||||| ||und||
100
_a
Kakkad N N
245
0
_a
Safalamee Yathra
260
_b
Vallathole Vidhyapedam
650
_a
Malayalam
942
_c
BK
999
_c
26201
_d
26201